Vplyv priamych zahraničných investícií na platobnú bilanciu a hrubý domáci produkt Slovenskej republiky
V príspevku sa preverujú niektoré známe makroekonomické tézy na ročných údajoch niektorých základných makroekonomických veličín. Skúma sa závislosť PZI na platobnú bilanciu a hrubý domáci produkt Slovenska pre obdobie 1993-2006.
Guardado en:
| Autor principal: | |
|---|---|
| Otros Autores: | |
| Formato: | Capítulo de libro |
| Lenguaje: | eslovaco |
| Materias: | |
| Etiquetas: |
Sin Etiquetas, Sea el primero en etiquetar este registro!
|
MARC
| LEADER | 00000naa$a2200000$$$4500 | ||
|---|---|---|---|
| 001 | 0091486 | ||
| 005 | 20220913093724.6 | ||
| 041 | 0 | |a slo | |
| 044 | |a SK | ||
| 245 | 1 | 0 | |a Vplyv priamych zahraničných investícií na platobnú bilanciu a hrubý domáci produkt Slovenskej republiky |c Sylvia Jenčová, Eva Litavcová |
| 520 | |a V príspevku sa preverujú niektoré známe makroekonomické tézy na ročných údajoch niektorých základných makroekonomických veličín. Skúma sa závislosť PZI na platobnú bilanciu a hrubý domáci produkt Slovenska pre obdobie 1993-2006. | ||
| 610 | 2 | 0 | |a investície priame zahraničné |
| 610 | 2 | 0 | |a bilancia platobná |
| 610 | 2 | 0 | |a produkt domáci hrubý |
| 610 | 2 | 0 | |a Slovensko |
| 100 | 1 | |a Jenčová, Sylvia | |
| 700 | 1 | |a Litavcová, Eva | |